000
00244nam a22001097a 4500
008
170126b xxu||||| |||| 00| 0 eng d
020
_a
9780397587711
041
_a
eng
080
_a
61
245
_a
DIARRHEAL DISEASE
_c
GRACEY, M
942
_2
udc
_c
BK
999
_c
3753
_d
3753